000 00397nam a22001937a 4500
003 UA-OsUOA
001 1753
007 ta
008 20050721b un ||||| |||| 00| 0 ukr d
100 _aGreighton
700 _aC.
700 _aNynd
700 _aN.
942 _cBK
040 _aUA-OsUOA
_cUA-OsUOA
_dUA-OsUOA
245 _aThe khrushchev objective
_bFiction
955 _a2
650 7 _2UDC
999 _c287915
_d287915